| 000 | 00739nam a22002297a 4500 | ||
|---|---|---|---|
| 008 | 160625s2006 gw||||| |||| 00| 0 eng d | ||
| 020 | _a9783932729133 | ||
| 082 |
_a759.972.86 _bH565o |
||
| 100 |
_aHerrero, Federico. _93626 |
||
| 245 | 1 | 0 |
_aFederico Herrero : _bel oficio de pintar / _cFederico Herrero ; entrevista por Jens Hoffmann. |
| 246 | 0 | 1 |
_aFederico Herrero : _bdas büro des künstlers. |
| 250 | _a1a ed. | ||
| 260 |
_aAlemania : _bSeis + Höke, _c2006. |
||
| 300 |
_a[28 p.] _bil. col. |
||
| 653 | 1 | 0 | _aArte contemporáneo |
| 653 | 1 | 0 | _aArte costarricense |
| 653 | 1 | 0 | _aArte-Costa Rica |
| 653 | 1 | 0 | _aArtistas costarricenses |
| 653 | 1 | 0 | _aPintura |
| 653 | 1 | 0 | _aArte urbano |
| 700 | 1 |
_aHoffmann, Jens. _eentrevistador. _95274 |
|
| 999 |
_c968 _d968 |
||